Antologia delle poetesse romantiche inglesi /

Guardat en:
Dades bibliogràfiques
Altres autors: Crisafulli, Lilla Maria
Format: Llibre
Idioma:italià
Publicat: Roma : Carocci, °2003!
Col·lecció:Piccola biblioteca letteraria ; 15
Matèries:
Etiquetes: Afegir etiqueta
Sense etiquetes, Sigues el primer a etiquetar aquest registre!

MARC

LEADER 00000nam a2200000 ia4500
001 IT\ICCU\UBO\2296776
003 ItRI
005 20250918120659.0
008 030919s2003 it |||||| ||||| |||||c
015 |2 IT  |a 2004-2034 
020 |a 8843023802 
040 |b ita  |c ct 
041 7 |a ita  |2 ISO-639-2 
245 0 0 |a Antologia delle poetesse romantiche inglesi /  |c a cura di Lilla Maria Crisafulli. 
260 |a Roma :  |b Carocci,  |c °2003! 
300 |a 2 v. (1201 p. compless.) ;  |c 21 cm. 
650 7 |a Poetesse inglesi  |x Sec. 18.-19.  |2 scbi 
650 7 |a POESIA ROMANTICA INGLESE  |x ANTOLOGIE  |2 scbi 
700 1 |a Crisafulli, Lilla Maria  |0 IT\ICCU\CFIV\178804 
830 0 |a Piccola biblioteca letteraria ;  |v 15  |0 IT\ICCU\UBO\1140895 
942 |2 ddc  |c BK 
952 |0 0  |1 0  |2 ddc  |4 0  |6 LPS_01CRILIANT11_A_B  |7 0  |9 7360  |a MI  |b MI  |d 2010-04-19  |i 5808  |l 0  |o LPS01-CRILI-ANT11 a/b  |p CDOM5808  |r 2025-07-13 16:28:00  |w 2025-07-13  |x acquisto  |y BK 
981 1 |6 z01  |a i   |b xxxe  
982 1 |6 z01  |a n 
999 |c 6061  |d 6061